Toconce : la transformación de un sistema agro-ganadero /

En este trabajo, eminentemente, descriptivo, se presenta información sobre las actividades agrícolas y ganaderas en la comunidad de Toconce, ubicada en la cuenca del río Salado, que permite mostrar como durante el siglo XX pasaron de un sistema económico basado principalmente en la ganadería mayor (...

Descripción completa

Detalles Bibliográficos
Autor principal: González C., Héctor
Formato: Analitica de revista
Lenguaje:español
Publicado: San Pedro de Atacama Universidad Católica del Norte 1999

MARC

LEADER 00000cab a2200000 a 4500
001 031501
003 UAHC_CL
005 20170803123351.0
008 050530b xx j 000 1 spa
040 |a UAHC_CL  |c UAHC_CL  |d UAHC_CL 
100 1 |a González C., Héctor 
245 1 0 |a Toconce :  |b la transformación de un sistema agro-ganadero /  |c Héctor González C. 
260 |b Universidad Católica del Norte  |a San Pedro de Atacama  |c 1999 
500 |a En: Estud. atacam., 1999, no.17, p.41-59. ISSN 0718-1043. 
520 |a En este trabajo, eminentemente, descriptivo, se presenta información sobre las actividades agrícolas y ganaderas en la comunidad de Toconce, ubicada en la cuenca del río Salado, que permite mostrar como durante el siglo XX pasaron de un sistema económico basado principalmente en la ganadería mayor (llamas, burros, mulas e, incluso, bovinos) y con un régimen de residencia más móvil y disperso, hacia otro orientado preferentemente al cultivo de hortalizas y alfalfa asociada a la crianza de ganado menor (especialmente ovinos) con un régimen residencial más localizado y nucleado alrededor del poblado de Toconce. 
520 |a En este trabajo, eminentemente, descriptivo, se presenta información sobre las actividades agrícolas y ganaderas en la comunidad de Toconce, ubicada en la cuenca del río Salado, que permite mostrar como durante el siglo XX pasaron de un sistema económico basado principalmente en la ganadería mayor (llamas, burros, mulas e, incluso, bovinos) y con un régimen de residencia más móvil y disperso, hacia otro orientado preferentemente al cultivo de hortalizas y alfalfa asociada a la crianza de ganado menor (especialmente ovinos) con un régimen residencial más localizado y nucleado alrededor del poblado de Toconce. 
759 |a PP063 
773 0 |t Estudios Atacameños.  |w 031462 
900 |a ESTUD. ATACAMEÑOS-17/99 
942 |c REVA 
952 |0 0  |1 0  |4 0  |6 ESTUD___ATACAMEÑOS17_99_000000000000000  |7 0  |8 General  |9 61578  |a BC  |b BC  |c General  |d 2017-08-03  |l 0  |o ESTUD. ATACAMEÑOS-17/99  |p FICTICIO2363  |r 2019-01-08 00:00:00  |t 1  |w 2017-08-03  |y REVA 
999 |c 31501  |d 31501